Photo life. (Record no. 200041583)
[ view plain ]
| 000 -LEADER | |
|---|---|
| fixed length control field | 00536 a2200241 4500 |
| 001 - CONTROL NUMBER | |
| control field | 200041583 |
| 003 - CONTROL NUMBER IDENTIFIER | |
| control field | TR-AnTOB |
| 005 - DATE AND TIME OF LATEST TRANSACTION | |
| control field | 20190322122947.0 |
| 008 - FIXED-LENGTH DATA ELEMENTS--GENERAL INFORMATION | |
| fixed length control field | 160507b19769999xxcbr0p 0 0 |
| 022 ## - INTERNATIONAL STANDARD SERIAL NUMBER | |
| International Standard Serial Number | 0700-3021 |
| 040 ## - CATALOGING SOURCE | |
| Original cataloging agency | TR-AnTOB |
| 041 ## - LANGUAGE CODE | |
| Language code of text/sound track or separate title | İngilizce |
| 050 ## - LIBRARY OF CONGRESS CALL NUMBER | |
| Classification number | TR1-1050 |
| 090 ## - LOCALLY ASSIGNED LC-TYPE CALL NUMBER (OCLC); LOCAL CALL NUMBER (RLIN) | |
| Classification number (OCLC) (R) ; Classification number, CALL (RLIN) (NR) | TR1-1050 |
| 099 ## - LOCAL FREE-TEXT CALL NUMBER (OCLC) | |
| Classification number | JOURNAL - PHOT Lİ |
| 130 ## - MAIN ENTRY--UNIFORM TITLE | |
| Uniform title | Photo life. |
| 245 #0 - TITLE STATEMENT | |
| Title | Photo life. |
| 260 ## - PUBLICATION, DISTRIBUTION, ETC. | |
| Place of publication, distribution, etc. | Toronto: |
| Name of publisher, distributor, etc. | Apex Publications, |
| Date of publication, distribution, etc. | 1976- |
| 300 ## - PHYSICAL DESCRIPTION | |
| Extent | v. : |
| Other physical details | ill. ; |
| Dimensions | 28 cm. |
| 310 ## - CURRENT PUBLICATION FREQUENCY | |
| Current publication frequency | Bimonthly. |
| 942 ## - ADDED ENTRY ELEMENTS (KOHA) | |
| Koha item type | Continuing Resource |
| Withdrawn status | Lost status | Source of classification or shelving scheme | Not for loan | Collection code | Home library | Current library | Shelving location | Date acquired | Source of acquisition | Serial Enumeration / chronology | Total Checkouts | Full call number | Barcode | Date last seen | Date shelved | Koha item type |
|---|---|---|---|---|---|---|---|---|---|---|---|---|---|---|---|---|
| Other/Generic Classification Scheme | Ödünç Verilemez-Süreli Yayın / Not For Loan-Serials | Süreli Yayınlar | Merkez Kütüphane | Merkez Kütüphane | Süreli Yayınlar Koleksiyonu / Periodicals Collection | Satın Alma / Purchase | iss.1-6, 2012 | JOURNAL - PHOT | J003709 | 05/12/2017 | 05/12/2017 | Continuing Resource | ||||
| Other/Generic Classification Scheme | Ödünç Verilemez-Süreli Yayın / Not For Loan-Serials | Süreli Yayınlar | Merkez Kütüphane | Merkez Kütüphane | Süreli Yayınlar Koleksiyonu / Periodicals Collection | Satın Alma / Purchase | iss.1-6, 2013 | JOURNAL - PHOT | J003710 | 05/12/2017 | 05/12/2017 | Continuing Resource | ||||
| Other/Generic Classification Scheme | Ödünç Verilemez-Süreli Yayın / Not For Loan-Serials | Süreli Yayınlar | Merkez Kütüphane | Merkez Kütüphane | Süreli Yayınlar Koleksiyonu / Periodicals Collection | Satın Alma / Purchase | iss.1-6, 2015 | JOURNAL - PHOT | J003711 | 05/12/2017 | 05/12/2017 | Continuing Resource |
